1040 1286 1158 1660 1653 1328 1688 1497 1621 1523 1773 1295 1579 1239 1313 1844 1857 1336 1637 1584 1741 1293 1005 1468 1999 1992 1749 1199 1621 1763 1099 1287 1736 1972 1621 1664 1467 1790 1748 1099 1249 1517 1377 1327 1154 1931 1697 1211 1842 1806 1738 1823 1426 1678 1870 1920 1868 1117 1152 1242 1535 1562 1391 1665 1956 1694 1940 1899 1129 1539 1354 1118 1895 1467 1681 1355 1882 1448 1690 1505 1582 1340 1716 1887 1816 1844 1884 1391 1197 1826 1567 1093 1097 1722 1654 1433 1426 1757 1011 BCNSPRNW ULIB Ver.6.0+V

เปลี่ยนเป็นภาษาไทย

Change to English
 แสดงรายละเอียดบรรณานุกรม
  กลับหน้าหลัก

Brief Record : Get Marc (ISO 2709) : E-mail record : QR code < ปิดหน้าต่าง
LEADER : 00000nam 2200000uu 4500
001    13399127864
003     ULIB
008    211018s||||||||th 000 0 tha d
020    ^a9786165729550
060    ^aWY152 ว37ห^cล.12
100    ^aวิโรจน์ ไววานิชกิจ, บก
245    ^aหลักการพยาบาลผู้สูงอายุ เล่ม 12 หลักจิตวิทยาการพยาบาลผู้สูงอายุและการดูแลผู้สูงอายุที่มีปัญหาทางจิตเวช /วิโรจน์ ไววานิชกิจ, บก
250    ^aพิมพ์ครั้งที่ 1
260    ^aกรุงเทพฯ :^bโรงพิมพ์จุฬาลงกรณ์มหาวิทยาลัย,^c2563
300    ^a88 หน้า
650    ^aการพยาบาลผู้สูงอายุ
945    ^p480^l0^i008424
945    ^p480^l0^i008425
945    ^p480^l0^i008426
945    ^p480^l0^i008427
945    ^p480^l0^i008428
945    ^p480^l0^i008429
945    ^p480^l0^i008430
999    ^aประนอม เกษจรัล
รายการนี้ยังไม่มีแท็ก
คุณยังไม่ได้ล็อกอิน คุณสามารถมีกิจกรรมร่วมกับเว็บไซต์ได้ แต่ต้องล็อกอินก่อน ::
  ล็อกอิน

รายการสื่อสารสนเทศ

ลำดับที่ ประเภท เลขเรียก/บาร์โค้ด สถานที่ สถานะ
1. Book การพยาบาล
หนังสือสำรอง
สถานะ=หนังสือสำรอง
WY152 ว37ห ล.12 ฉ.1 
  Barcode: 008424
ห้องสมุดวิทยาเขตสวรรค์ประชารักษ์
►หนังสือทั่วไป
บนชั้น
2. Book การพยาบาล
Book การพยาบาล
WY152 ว37ห ล.12 ฉ.2 
  Barcode: 008425
ห้องสมุดวิทยาเขตสวรรค์ประชารักษ์
►หนังสือทั่วไป
บนชั้น
3. Book การพยาบาล
Book การพยาบาล
WY152 ว37ห ล.12 ฉ.3 
  Barcode: 008426
ห้องสมุดวิทยาเขตสวรรค์ประชารักษ์
►หนังสือทั่วไป
บนชั้น
4. Book การพยาบาล
Book การพยาบาล
WY152 ว37ห ล.12 ฉ.4 
  Barcode: 008427
ห้องสมุดวิทยาเขตสวรรค์ประชารักษ์
►หนังสือทั่วไป
บนชั้น
5. Book การพยาบาล
Book การพยาบาล
WY152 ว37ห ล.12 ฉ.5 
  Barcode: 008428
ห้องสมุดวิทยาเขตสวรรค์ประชารักษ์
►หนังสือทั่วไป
บนชั้น
6. Book การพยาบาล
Book การพยาบาล
WY152 ว37ห ล.12 ฉ.6 
  Barcode: 008429
ห้องสมุดวิทยาเขตสวรรค์ประชารักษ์
►หนังสือทั่วไป
บนชั้น
7. Book การพยาบาล
Book การพยาบาล
WY152 ว37ห ล.12 ฉ.7 
  Barcode: 008430
ห้องสมุดวิทยาเขตสวรรค์ประชารักษ์
►หนังสือทั่วไป
บนชั้น

รายการใกล้เคียง
    ชื่อเรื่อง [หลักการพยาบาลผู้สูงอายุ เล่ม 12 หลักจิตวิทยาการพยาบาลผู้สูงอายุและการดูแลผู้สูงอายุที่มีปัญหาทางจิตเวช /วิโรจน์ ไววานิชกิจ, บก]

    ผู้แต่ง [วิโรจน์ ไววานิชกิจ, บก]

    หัวเรื่อง [การพยาบาลผู้สูงอายุ]

BibComment


ยังไม่เคยถูกคอมเมนท์

คอมเมนท์ทรัพยากรรายการนี้
  คอมเมนท์: หลักการพยาบาลผู้..


 Copyright 2026. Bcnsprnw @Library